Modelovanie hrubého domáceho produktu v SR
Hrubý domáci produkt. Modelovanie HDP ako jedná z centrálnych tém ekonomického výskumu. Produkčné funkcie.
Enregistré dans:
| Auteur principal: | |
|---|---|
| Format: | Chapitre de livre |
| Langue: | slovaque |
| Sujets: | |
| Tags: |
Pas de tags, Soyez le premier à ajouter un tag!
|
MARC
| LEADER | 00000nla$a2200000$$$4500 | ||
|---|---|---|---|
| 001 | 0142844 | ||
| 005 | 20240502072548.2 | ||
| 041 | 0 | |a slo | |
| 044 | |a SK | ||
| 245 | 1 | 0 | |a Modelovanie hrubého domáceho produktu v SR |c Rastislav Jurga |
| 520 | |a Hrubý domáci produkt. Modelovanie HDP ako jedná z centrálnych tém ekonomického výskumu. Produkčné funkcie. | ||
| 610 | 2 | 0 | |a produkt domáci hrubý |
| 610 | 2 | 0 | |a modely ekonometrické |
| 610 | 2 | 0 | |a funkcie produkčné |
| 610 | 2 | 0 | |a funkcia Cobb-Douglasova |
| 100 | 1 | |a Jurga, Rastislav | |